[Event "Montigny le Bretonneux Noel op 20th"]
[Site "Montigny le Bretonneux"]
[Date "2019.12.28"]
[Round "3"]
[White "Larcheveque, Francois"]
[Black "Faris, Marouane"]
[Result "1-0"]
[WhiteElo "1985"]
[BlackElo "1563"]
[PlyCount "87"]
[EventDate "2019.12.27"]
[EventType "swiss"]
[EventRounds "7"]
[EventCountry "FRA"]
[SourceTitle "CBM 194 Extra"]
[Source "ChessBase"]
[SourceDate "2020.03.31"]
[SourceVersion "1"]
[SourceVersionDate "2020.03.31"]
[SourceQuality "1"]

1. d4 Nf6 2. c4 g6 3. Nf3 Bg7 4. g3 c6 5. Bg2 0-0 6. 0-0 d5 7. Qb3 Qb6 8. c5 Qxb3 9. axb3 Na6 10. Nc3 Bf5 11. Bf4 h6 12. Be5 Ne4 13. Bxg7 Kxg7 14. Ra3 Nc7 15. Ra2 f6 16. Nh4 Rfe8 17. f3 Nxc3 18. bxc3 Nb5 19. Nxf5+ gxf5 20. Rc1 e5 21. e3 exd4 22. exd4 Re3 23. Rac2 Rae8 24. Kf2 a6 25. Bf1 Nc7 26. Re2 Rxe2+ 27. Bxe2 Ne6 28. f4 h5 29. Re1 Kg6 30. Bd3 Nc7 31. h3 Rxe1 32. Kxe1 Ne8 33. c4 Nc7 34. g4 dxc4 35. bxc4 hxg4 36. hxg4 Kf7 37. Bxf5 a5 38. Kd2 Na6 39. Kc3 a4 40. Kb2 Ke7 41. Ka3 Kd8 42. Kxa4 Kc7 43. Ka5 Kb8 44. g5 1-0

[Event "Espalion op 3rd"]
[Site "Espalion"]
[Date "2018.07.17"]
[Round "5"]
[White "Larcheveque, Francois"]
[Black "Verat Fayolle, Celian"]
[Result "1-0"]
[WhiteElo "1980"]
[BlackElo "1759"]
[PlyCount "73"]
[EventDate "2018.07.14"]
[EventType "swiss"]
[EventRounds "9"]
[EventCountry "FRA"]
[SourceTitle "CBM 185 Extra"]
[Source "ChessBase"]
[SourceDate "2018.07.29"]
[SourceVersion "1"]
[SourceVersionDate "2018.07.29"]
[SourceQuality "1"]

1. d4 d5 2. c4 e6 3. Nc3 c5 4. e3 Nf6 5. Nf3 Nc6 6. cxd5 exd5 7. Bb5 Be7 8. Ne5 Bd7 9. 0-0 0-0 10. b3 Qc7 11. Nxd7 Qxd7 12. dxc5 Bxc5 13. Bb2 a6 14. Bxc6 Qxc6 15. Rc1 Qd6 16. Na4 Ba7 17. Bxf6 Qxf6 18. Qxd5 b5 19. Nc5 Rfd8 20. Qb7 Qd6 21. Ne4 Qe5 22. Rcd1 f5 23. Ng5 Bxe3 24. Nf3 Bxf2+ 25. Kxf2 Qc5+ 26. Kg3 f4+ 27. Kxf4 g5+ 28. Nxg5 Rd4+ 29. Rxd4 Qxd4+ 30. Kg3 Qe3+ 31. Nf3 Rf8 32. Qd5+ Kh8 33. h3 Qf4+ 34. Kf2 Qh2 35. Qd4+ Kg8 36. Qg4+ Kh8 37. Qg3 1-0

[Event "Espalion op 3rd"]
[Site "Espalion"]
[Date "2018.07.16"]
[Round "3"]
[White "Larcheveque, Francois"]
[Black "Lanzani, Mario"]
[Result "1/2-1/2"]
[WhiteElo "1980"]
[BlackElo "2280"]
[PlyCount "42"]
[EventDate "2018.07.14"]
[EventType "swiss"]
[EventRounds "9"]
[EventCountry "FRA"]
[SourceTitle "CBM 185 Extra"]
[Source "ChessBase"]
[SourceDate "2018.07.29"]
[SourceVersion "1"]
[SourceVersionDate "2018.07.29"]
[SourceQuality "1"]

1. d4 e6 2. c4 c5 3. e3 Nf6 4. Nc3 d5 5. Nf3 a6 6. a3 dxc4 7. Bxc4 b5 8. Bb3 Bb7 9. 0-0 Nbd7 10. Qe2 Bd6 11. e4 cxd4 12. Nxd4 0-0 13. Bg5 Qb8 14. Nf3 Ng4 15. h3 Nh2 16. Nxh2 Bxh2+ 17. Kh1 Bf4 18. Qg4 Bxg5 19. Qxg5 Qd8 20. Qf4 Qb8 21. Qg5 Qd8 1/2-1/2

[Event "Espalion op 2nd"]
[Site "Espalion"]
[Date "2017.07.18"]
[Round "5"]
[White "Larcheveque, Francois"]
[Black "Della Ragione, Enzo"]
[Result "1-0"]
[WhiteElo "2023"]
[BlackElo "1705"]
[PlyCount "64"]
[EventDate "2017.07.15"]
[EventType "swiss"]
[EventRounds "9"]
[EventCountry "FRA"]
[SourceTitle "CBM 179 Extra"]
[Source "ChessBase"]
[SourceDate "2017.08.23"]
[SourceVersion "1"]
[SourceVersionDate "2017.08.23"]
[SourceQuality "1"]

1. d4 Nf6 2. c4 g6 3. Nf3 Bg7 4. g3 0-0 5. Bg2 d6 6. 0-0 Nbd7 7. Nc3 c6 8. e4 e5 9. b3 Re8 10. Re1 Nf8 11. h3 Qc7 12. Be3 h5 13. Qd2 N6h7 14. Rad1 f5 15. c5 dxc5 16. dxe5 b6 17. Qc2 Be6 18. Bf4 Nd7 19. Qc1 Qc8 20. exf5 Bxf5 21. Ne4 Nxe5 22. Nd6 Nxf3+ 23. Bxf3 Rxe1+ 24. Rxe1 Qd7 25. Qc4+ Kf8 26. Bxc6 Bd3 27. Bxd7 Bxc4 28. Nxc4 Bd4 29. Bd6+ Kg7 30. Re7+ Kh8 31. Ne5 Bxe5 32. Bxe5+ Kg8 1-0

[Event "Dieppe op-A 8th"]
[Site "Dieppe"]
[Date "2012.09.01"]
[Round "9"]
[White "Grabliauskas, Virginijus"]
[Black "Larcheveque, Francois"]
[Result "1-0"]
[WhiteElo "2345"]
[BlackElo "2053"]
[PlyCount "51"]
[EventDate "2012.08.26"]
[EventType "swiss"]
[EventRounds "9"]
[EventCountry "FRA"]
[SourceTitle "EXT 2013"]
[Source "ChessBase"]
[SourceDate "2012.11.22"]
[SourceVersion "1"]
[SourceVersionDate "2012.11.22"]
[SourceQuality "1"]

1. d4 Nf6 2. c4 g6 3. g3 Bg7 4. Bg2 0-0 5. Nc3 d6 6. Nf3 Nbd7 7. 0-0 e5 8. e4 exd4 9. Nxd4 Re8 10. h3 a6 11. Rb1 Rb8 12. Re1 c5 13. Nc2 b5 14. cxb5 axb5 15. b4 cxb4 16. Nxb4 Ne5 17. a4 bxa4 18. f4 Rxb4 19. Rxb4 Nc6 20. Rxa4 Na5 21. Qd3 Qb6+ 22. Kh2 Qb3 23. Ra3 Qb4 24. Rd1 Qc5 25. Na4 Qf2 26. Qd2 1-0

[Event "Paris-ch op-A"]
[Site "Paris"]
[Date "2010.07.05"]
[Round "3"]
[White "Benini, Fulvio"]
[Black "Larcheveque, Francois"]
[Result "1/2-1/2"]
[WhiteElo "1899"]
[BlackElo "2015"]
[PlyCount "112"]
[EventDate "2010.07.03"]
[EventType "swiss"]
[EventRounds "9"]
[EventCountry "FRA"]
[SourceTitle "CBM 137 Extra"]
[Source "ChessBase"]
[SourceDate "2010.09.01"]
[SourceVersion "1"]
[SourceVersionDate "2010.09.01"]
[SourceQuality "1"]

1. d4 Nf6 2. c4 g6 3. Nc3 d5 4. cxd5 Nxd5 5. e4 Nxc3 6. bxc3 Bg7 7. Bd3 c5 8. Ne2 Nc6 9. Be3 cxd4 10. cxd4 0-0 11. Qa4 Bd7 12. Qa3 Bg4 13. f3 Bc8 14. Rd1 Nxd4 15. Nxd4 Bxd4 16. Bc4 e5 17. Bxd4 exd4 18. Qc5 Qh4+ 19. Ke2 Bd7 20. Qxd4 Bc6 21. Qf2 Qf6 22. Rd4 Qe5 23. h3 Bb5 24. Rhd1 Rac8 25. Bxb5 Qxb5+ 26. Ke1 f5 27. Qd2 Qe5 28. f4 Qe6 29. e5 Rc4 30. Rxc4 Qxc4 31. Qd5+ Qxd5 32. Rxd5 Rf7 33. Kd2 Kf8 34. Kd3 Rc7 35. g3 Ke7 36. Ke3 Rc1 37. Rd3 Rh1 38. h4 Rg1 39. Kd4 Kd7 40. Kd5 Rg2 41. a3 Ke7 42. Kd4 Kd7 43. Rb3 b6 44. Rc3 Rb2 45. Kc4 Kc6 46. Rd3 Rc2+ 47. Kd4 Kd7 48. Re3 Ke6 49. Rc3 Rd2+ 50. Ke3 Ra2 51. Kf3 Ra1 52. Kg2 Kd7 53. Rd3+ Ke7 54. Kf2 Rc1 55. Ke2 Rc2+ 56. Kd1 Rg2 1/2-1/2

[Event "Syre Memorial op 33th"]
[Site "Issy les Moulineaux"]
[Date "2010.05.14"]
[Round "2"]
[White "Larcheveque, Francois"]
[Black "Bihi, Mehdi"]
[Result "0-1"]
[WhiteElo "2076"]
[BlackElo "1886"]
[PlyCount "48"]
[EventDate "2010.05.13"]
[EventType "swiss"]
[EventRounds "6"]
[EventCountry "FRA"]
[SourceTitle "EXT 2011"]
[Source "ChessBase"]
[SourceDate "2010.11.26"]
[SourceVersion "1"]
[SourceVersionDate "2010.11.26"]
[SourceQuality "1"]

1. d4 Nf6 2. c4 e6 3. Nc3 Bb4 4. e3 d5 5. Nge2 0-0 6. a3 Be7 7. Ng3 c5 8. cxd5 cxd4 9. exd4 Nxd5 10. Bc4 Nxc3 11. bxc3 Qc7 12. Qe2 b5 13. Bd3 Qxc3+ 14. Qd2 Qxa1 15. Be4 Nc6 16. Bxc6 Rb8 17. 0-0 Bb7 18. Bxb5 Bxa3 19. Qa5 Bb2 20. Qxa1 Bxa1 21. Bf4 Bxd4 22. Bxb8 Rxb8 23. Rd1 Bf6 24. Bc4 a5 0-1

[Event "Creon op 14th"]
[Site "Creon"]
[Date "2009.07.28"]
[Round "2"]
[White "Larcheveque, Francois"]
[Black "Navrotescu, Catalin"]
[Result "0-1"]
[WhiteElo "2049"]
[BlackElo "2437"]
[PlyCount "52"]
[EventDate "2009.07.27"]
[EventType "swiss"]
[EventRounds "9"]
[EventCountry "FRA"]
[SourceTitle "CBM 131 Extra"]
[Source "ChessBase"]
[SourceDate "2009.09.03"]
[SourceVersion "2"]
[SourceVersionDate "2009.09.16"]
[SourceQuality "1"]

1. d4 Nf6 2. c4 c5 3. d5 b5 4. cxb5 a6 5. f3 e6 6. e4 c4 7. Bxc4 axb5 8. Bxb5 Bc5 9. Ne2 exd5 10. exd5 0-0 11. Kf1 Qb6 12. Nbc3 Na6 13. g4 Bb7 14. Bc4 Nc7 15. g5 Nfe8 16. Ng3 Nd6 17. Bd3 f5 18. b3 Nxd5 19. Nxd5 Bxd5 20. Bf4 Bd4 21. Bxd6 Qxd6 22. Nxf5 Rxf5 23. Bxf5 Bxa1 24. Qxa1 Bxf3 25. Rg1 Rf8 26. Qb1 Qe5 0-1

[Event "FRA-chT2 0304"]
[Site "France"]
[Date "2004.01.18"]
[Round "6"]
[White "Bernard, Vincent"]
[Black "Larcheveque, Francois"]
[Result "1-0"]
[WhiteElo "2278"]
[BlackElo "2087"]
[PlyCount "67"]
[EventDate "2003.10.??"]
[EventType "team"]
[EventRounds "11"]
[EventCountry "FRA"]
[SourceTitle "EXT 2005"]
[Source "ChessBase"]
[SourceDate "2004.11.15"]
[SourceVersion "1"]
[SourceVersionDate "2004.11.15"]
[SourceQuality "1"]

1. Nf3 Nf6 2. c4 c5 3. Nc3 b6 4. g3 Bb7 5. Bg2 e6 6. 0-0 Be7 7. Re1 0-0 8. e4 d6 9. d4 cxd4 10. Nxd4 Qc8 11. b3 a6 12. Bb2 Nbd7 13. Rc1 Qb8 14. Nde2 Qa7 15. Nf4 Rfd8 16. Nh5 Ne8 17. Qe2 e5 18. g4 g6 19. Ng3 Ng7 20. Nd5 Bf8 21. Nf1 Ne6 22. Nfe3 Bg7 23. h4 Nf6 24. Nxf6+ Bxf6 25. g5 Bg7 26. Nd5 Rab8 27. Qe3 Bc6 28. Bh3 Bxd5 29. cxd5 Nd4 30. Rc3 f5 31. Rec1 fxe4 32. Qxe4 Rf8 33. Rc8 Qf7 34. Bxd4 1-0

[Event "FRA-chT2 0304"]
[Site "France"]
[Date "2003.12.07"]
[Round "4"]
[White "Meaux, Xavier"]
[Black "Larcheveque, Francois"]
[Result "1-0"]
[WhiteElo "2200"]
[BlackElo "2076"]
[PlyCount "97"]
[EventDate "2003.10.??"]
[EventType "team"]
[EventRounds "11"]
[EventCountry "FRA"]
[SourceTitle "EXT 2005"]
[Source "ChessBase"]
[SourceDate "2004.11.15"]
[SourceVersion "1"]
[SourceVersionDate "2004.11.15"]
[SourceQuality "1"]
[WhiteTeam "Deauville"]
[BlackTeam "Paris APSAP"]
[WhiteTeamCountry "FRA"]
[BlackTeamCountry "FRA"]

1. d4 Nf6 2. c4 g6 3. Nc3 Bg7 4. e4 d6 5. Nge2 a6 6. Ng3 c6 7. a4 a5 8. Be2 Na6 9. 0-0 0-0 10. f4 e5 11. fxe5 dxe5 12. d5 cxd5 13. cxd5 Qb6+ 14. Kh1 Ne8 15. Nb5 Bd7 16. Na3 Nd6 17. Nc4 Nxc4 18. Bxc4 Nc5 19. Be3 Qd6 20. b3 b6 21. Qd2 Rae8 22. Bh6 f5 23. Bxg7 Kxg7 24. exf5 gxf5 25. Qe2 Kh8 26. Rad1 f4 27. Ne4 Nxe4 28. Qxe4 Bf5 29. Qf3 Bg6 30. Qc3 Kg8 31. Bb5 Re7 32. Qc6 Rf6 33. Qxd6 Rxd6 34. Rde1 Kf8 35. Bc4 Ke8 36. Kg1 Kd8 37. g3 fxg3 38. Rf8+ Kc7 39. hxg3 Rdd7 40. Rc1 Kb7 41. Bb5 Rf7 42. Bc6+ Ka6 43. Ra8+ Ra7 44. Bb5+ Kb7 45. Rd8 Rc7 46. Bc6+ Ka6 47. d6 Rf7 48. Bb5+ Kb7 49. d7 1-0

[Event "Ligue-ch"]
[Site "Evry"]
[Date "2003.05.18"]
[Round "2.10"]
[White "Gauthier, Arnaud"]
[Black "Larcheveque, Francois"]
[Result "0-1"]
[WhiteElo "1880"]
[BlackElo "2030"]
[PlyCount "78"]
[EventDate "2003.05.??"]
[EventType "swiss"]
[EventRounds "5"]
[EventCountry "FRA"]
[SourceTitle "EXT 2004"]
[Source "ChessBase"]
[SourceDate "2003.11.25"]
[SourceVersion "1"]
[SourceVersionDate "2003.11.25"]
[SourceQuality "1"]

1. e4 e6 2. d4 d5 3. Nd2 Nf6 4. e5 Nfd7 5. f4 c5 6. c3 Nc6 7. Ndf3 Qb6 8. a3 a5 9. h4 h5 10. Ne2 f5 11. exf6 gxf6 12. f5 Ne7 13. fxe6 Qxe6 14. Kf2 Qb6 15. Nf4 cxd4 16. Qxd4 Nf5 17. Nxd5 Nxd4 18. Nxb6 Nxb6 19. Nxd4 Bd7 20. Nb5 Bc5+ 21. Be3 Bxe3+ 22. Kxe3 0-0-0 23. Kf2 Bxb5 24. Bxb5 Rd2+ 25. Be2 Re8 26. Rhe1 Re5 27. c4 Rxb2 28. Kf1 Nd7 29. Bf3 Rc2 30. Rxe5 Nxe5 31. Bxh5 Rxc4 32. g3 Kc7 33. Kg2 Rc2+ 34. Kh3 b5 35. Rf1 b4 36. axb4 axb4 37. Rxf6 b3 38. Rf4 Nd3 39. Rf7+ Kb6 0-1

[Event "Ligue-ch"]
[Site "Evry"]
[Date "2003.05.18"]
[Round "3.7"]
[White "Larcheveque, Francois"]
[Black "Claude, Daniel"]
[Result "1-0"]
[WhiteElo "2030"]
[BlackElo "1940"]
[PlyCount "57"]
[EventDate "2003.05.??"]
[EventType "swiss"]
[EventRounds "5"]
[EventCountry "FRA"]
[SourceTitle "EXT 2004"]
[Source "ChessBase"]
[SourceDate "2003.11.25"]
[SourceVersion "1"]
[SourceVersionDate "2003.11.25"]
[SourceQuality "1"]

1. c4 Nf6 2. Nc3 g6 3. g3 Bg7 4. Bg2 0-0 5. Nf3 d6 6. d4 c5 7. 0-0 cxd4 8. Nxd4 Nbd7 9. h3 Rb8 10. Be3 Ne5 11. b3 a6 12. Qd2 Bd7 13. a4 Qc8 14. Kh2 h5 15. Rac1 Kh7 16. Nd5 Nxd5 17. cxd5 Qe8 18. f4 b5 19. a5 Ng4+ 20. hxg4 hxg4 21. f5 Rh8 22. fxg6+ Kxg6+ 23. Kg1 f5 24. Nxf5 Be5 25. Be4 Bxf5 26. Rxf5 Kg7 27. Rg5+ Kf8 28. Rxe5 dxe5 29. Bh6+ 1-0